| 000 | 00347pab a2200145 454500 | ||
|---|---|---|---|
| 008 | 180718b2006 xxu||||| |||| 00| 0 eng d | ||
| 245 | _aGLOBALIZATION and macro-balances | ||
| 260 | _c2006 | ||
| 300 | _ap.76-78. | ||
| 362 | _aJan | ||
| 650 | _aGlobalization - Case studies | ||
| 650 | _aGlobalization | ||
| 773 | _aKurukshetra | ||
| 909 | _a68496 | ||
| 999 |
_c68496 _d68496 |
||